000 00525nam a22001937a 4500
003 OSt
005 20160517152848.0
008 160517b xxu||||| |||| 00| 0 eng d
020 _a0070098751
040 _cDDC.
082 _aQS C197p 1981.
100 _aCarlson,M.Bruce;
_98851
245 _aPattern's Foundations of Embryology.
260 _aNew York.
_bMcGraw-Hill Book Company.
_c1981.
300 _axv,672p;
_bill;
_c25cm.
504 _aIncludes references and index.
650 _aBiology.
_95602
942 _2z
_cO_SHELF
999 _c4082
_d4082